Penyelesaian masalah : teknik & aplikasi

Bibliographic Details
Main Author: Mumtazah Othman
Other Authors: Husna Sulaiman
Format: Book
Published: Serdang, Selangor : Penerbit UPM , 2008
Subjects:

MARC

LEADER 00000cam a2200000 7i4500
001 0000003772
005 20110620.0
020 0 0 |a 9789673440320 
090 0 0 |a 153.4   |b MUM 2008 
100 0 0 |a Mumtazah Othman 
245 1 0 |a Penyelesaian masalah :   |b teknik & aplikasi   |c Mumtazah Othman, Husna Sulaiman 
260 0 0 |a Serdang, Selangor :   |b Penerbit UPM ,   |c 2008 
300 |a ix.155 p. ;   |c 24 cm. 
500 0 0 |a Includes bibliography 
650 0 0 |a Decision making 
650 0 0 |a Problem solving 
700 0 1 |a Husna Sulaiman 
700 0 1 |a Mumtazah Othman 
998 |a JPSM 
999 |a 007625   |b Monograph   |c Open Shelf   |e Default branch